Obchodovanie s energetickými komoditami diplomová práca

Enregistré dans:
Détails bibliographiques
Auteur principal: Bako, Sebastián
Collectivité auteur: Fakulta podnikového manažmentu EU. Katedra podnikových financií
Autres auteurs: Bikár, Miloš, 1973-
Format: Livre
Langue:slovaque
Publié: Bratislava 2023
Tags: Ajouter un tag
Pas de tags, Soyez le premier à ajouter un tag!

MARC

LEADER 00000nbm a2200000 4500
001 0293374
005 20240307113046.9
041 0 |a slo 
044 |a SK 
245 1 0 |a Obchodovanie s energetickými komoditami  |b diplomová práca  |c Sebastián Bako ; školiteľ: Miloš Bikár 
264 1 |a Bratislava  |c 2023 
300 |a 69 s. 
100 1 |a Bako, Sebastián 
700 1 |a Bikár, Miloš, 1973- 
710 2 |a Fakulta podnikového manažmentu EU. Katedra podnikových financií